000 00797nam a2200205 a 4500
001 FIB033614
003 PILC
005 20150804125855.0
008
020 _a9789719571704
050 _aHG 1662.A4.P6
_b.P538 2013
110 _aPhilippine Deposit Insurance Corporation.
245 0 _aUsapang pera : mga dapat alamin :
_cedited by the editorial board of the Philippine Deposit Insurance Corporation.
_ba PDIC guidebook on basic banking & financial transactions /
260 _aMakati City :
_bPhilippine Deposit Insurance Corporation,
_c2013.
300 _a165 pages :
_bcolor illustrations ;
_c23 cm.
650 _aBank deposits
_xPhilippines.
650 _aDeposit insurance
_xPhilippines.
700 _aCruz, Efren Ll.
942 _2lcc
_cBK
999 _c288305
_d288305